Geology and ground-water resources of Neosho County, Kansas / (Record no. 30343)

MARC details
000 -LEADER
fixed length control field 01560cam a2200289 4500
001 - CONTROL NUMBER
control field gs 67000233
003 - CONTROL NUMBER IDENTIFIER
control field DLC
005 - DATE AND TIME OF LATEST TRANSACTION
control field 20260227111421.0
008 - FIXED-LENGTH DATA ELEMENTS--GENERAL INFORMATION
fixed length control field 700106s1966 ksuab b 000 0 eng c
010 ## - LIBRARY OF CONGRESS CONTROL NUMBER
LC control number gs 67000233
040 ## - CATALOGING SOURCE
Original cataloging agency U.S. Geological Survey Library
Transcribing agency DLC
Modifying agency DLC
050 00 - LIBRARY OF CONGRESS CALL NUMBER
Classification number QE113
Item number .A2 no. 183
082 00 - DEWEY DECIMAL CLASSIFICATION NUMBER
Classification number 553/.79/0978195
100 1# - MAIN ENTRY--PERSONAL NAME
Personal name Jungmann, William L.
245 10 - TITLE STATEMENT
Title Geology and ground-water resources of Neosho County, Kansas /
Statement of responsibility, etc. by William L. Jungmann.
260 ## - PUBLICATION, DISTRIBUTION, ETC.
Place of publication, distribution, etc. Lawrence :
Name of publisher, distributor, etc. [University of Kansas],
Date of publication, distribution, etc. 1966.
300 ## - PHYSICAL DESCRIPTION
Extent 46 p. :
Other physical details illus., maps (1 fold. col. in pocket) ;
Dimensions 25 cm.
490 1# - SERIES STATEMENT
Series statement State Geological Survey of Kansas. Bulletin 183
500 ## - GENERAL NOTE
General note "Prepared by the United States Geological Survey and the State Geological Survey of Kansas with the cooperation of the Environmental Health Services of the Kansas State Department of Health, and the Division of Water Resources of the Kansas State Board of Agriculture."
501 ## - WITH NOTE
With note With : Compositional variance in the Plattsmouth Limestone Member (Pennsylvanian) in Kansas / by O. Karmie Galle and Wanda N. Waugh, 1966. Bound together subsequent to publication.
Institution to which field applies DLC
501 ## - WITH NOTE
With note Copy 2 with : Geology and ground-water resources of Miami County, Kansas / by Don E. Miller, 1966. Bound together subsequent to publication.
Institution to which field applies DLC
504 ## - BIBLIOGRAPHY, ETC. NOTE
Bibliography, etc. note Bibliography: p. 42-43.
650 #0 - SUBJECT ADDED ENTRY--TOPICAL TERM
Topical term or geographic name entry element Geology
Geographic subdivision Kansas
-- Neosho County.
650 #0 - SUBJECT ADDED ENTRY--TOPICAL TERM
Topical term or geographic name entry element Groundwater
Geographic subdivision Kansas
-- Neosho County.
710 2# - ADDED ENTRY--CORPORATE NAME
Corporate name or jurisdiction name as entry element Geological Survey (U.S.)
830 #0 - SERIES ADDED ENTRY--UNIFORM TITLE
Uniform title Bulletin (Kansas Geological Survey) ;
Volume/sequential designation 183.

No items available.

Powered by Koha